| 000 | 00550nam a22002057a 4500 | ||
|---|---|---|---|
| 003 | OSt | ||
| 005 | 20160324151125.0 | ||
| 008 | 160324b xxu||||| |||| 00| 0 eng d | ||
| 020 | _a0131293699 | ||
| 040 | _cDDC. | ||
| 082 | _a331SLO 2004 | ||
| 100 |
_aSloane,A.Arthur;Witney,Fred; _97442 |
||
| 245 | _aLabor relations. | ||
| 250 | _a11th ed | ||
| 260 |
_aNew Jersey. _bPearson Prentice hall, _c2004 |
||
| 300 |
_aXvi,459p; _bill; _c29cm |
||
| 504 | _aincludes Appendix,Index and Glossary. | ||
| 650 |
_aHuman Resource. _95954 |
||
| 942 |
_2ddc _cSLOAN |
||
| 999 |
_c3325 _d3325 |
||